000 00302nam a22001337a 4500
008 180921b xxu||||| |||| 00| 0 eng d
020 _a0638587542
041 _aeng
080 _23 ED
_a617
100 _a5
101 _aKIR
245 _aSurgical Infectous Diseaase
_cHoward.R.J
942 _2udc
_cBK
999 _c48190
_d48190